Eastern Utah Libraries Catalog: Duchesne, Heber, Roosevelt, & Vernal

American dream (Record no. 357925)

MARC details
000 -LEADER
fixed length control field 02182cgm a2200517Ka 4500
001 - CONTROL NUMBER
control field on1226748310
003 - CONTROL NUMBER IDENTIFIER
control field OCoLC
005 - DATE AND TIME OF LATEST TRANSACTION
control field 20210126164907.0
007 - PHYSICAL DESCRIPTION FIXED FIELD--GENERAL INFORMATION
fixed length control field vd cvaizq
008 - FIXED-LENGTH DATA ELEMENTS--GENERAL INFORMATION
fixed length control field 201214s2021 cau084 vleng d
024 1# - OTHER STANDARD IDENTIFIER
Standard number or code 031398324355
028 42 - PUBLISHER NUMBER
Publisher number 58798
Source Lionsgate
035 ## - SYSTEM CONTROL NUMBER
System control number (OCoLC)1226748310
037 ## - SOURCE OF ACQUISITION
Source of stock number/acquisition Midwest Tape
Note http://www.midwesttapes.com
040 ## - CATALOGING SOURCE
Original cataloging agency TEFMT
Language of cataloging eng
Transcribing agency TEFMT
Modifying agency TEF
-- OCLCO
Description conventions rda
041 1# - LANGUAGE CODE
Language code of text/sound track or separate title eng
Language code of original and/or intermediate translations of text eng
043 ## - GEOGRAPHIC AREA CODE
Geographic area code e-ur---
092 ## - LOCALLY ASSIGNED DEWEY CALL NUMBER (OCLC)
Classification number AMERICAN DREAM
245 00 - TITLE STATEMENT
Title American dream
Medium [videorecording] /
Statement of responsibility, etc producer, Janusz Kaminski ; writers, Duncan Brantley, Mark Wheaton ; director, Janusz Kaminski.
264 #1 - Production, Publication, Distribution, Manufacture, and Copyright Notice.
Place of production, publication, distribution, manufacture Santa Monica, CA :
Name of producer, publisher, distributor, manufacturer Lionsgate,
Date of production, publication, distribution, manufacture, or copyr [2021]
300 ## - PHYSICAL DESCRIPTION
Extent 1 videodisc (84 min.) :
Other physical details sound, color ;
Dimensions 4 3/4 in.
336 ## - Content Type
Content type term two-dimensional moving image
337 ## - Media type
Media type term video
338 ## - Carrier type
Carrier type term videodisc
500 ## - GENERAL NOTE
General note Title from sell sheet.
500 ## - GENERAL NOTE
General note Originally released as a motion picture in 2021.
500 ## - GENERAL NOTE
General note Wide screen.
511 1# - PARTICIPANT OR PERFORMER NOTE
Participant or performer note Nick Stahl, Luke Bracey, Agnieszka Grochowska, Michiel Huisman.
520 ## - SUMMARY, ETC.
Summary, etc In this intense crime thriller, two American entrepreneurs cut a Russian mobster out of a business deal and must face his angry vengeance as he tries to destroy their lives.
521 8# - TARGET AUDIENCE NOTE
Target audience note Rating: R.
538 ## - SYSTEM DETAILS NOTE
System details note DVD, wide screen; Dolby digital 5.1.
546 ## - LANGUAGE NOTE
Language note English dialogue; Spanish subtitles; subtitled for the deaf and hard of hearing (SDH).
650 #0 - SUBJECT ADDED ENTRY--TOPICAL TERM
Topical term or geographic name as entry element Organized crime
Geographic subdivision Russia
Form subdivision Drama.
9 (RLIN) 6401053
650 #0 - SUBJECT ADDED ENTRY--TOPICAL TERM
Topical term or geographic name as entry element Revenge
Form subdivision Drama.
9 (RLIN) 5697951
650 #0 - SUBJECT ADDED ENTRY--TOPICAL TERM
Topical term or geographic name as entry element Action.
9 (RLIN) 6401054
700 1# - ADDED ENTRY--PERSONAL NAME
Personal name Kamiński, Janusz,
Dates associated with a name 1959-
Relator term film director,
-- film producer.
9 (RLIN) 6401055
700 1# - ADDED ENTRY--PERSONAL NAME
Personal name Brantley, Duncan,
Relator term screenwriter.
9 (RLIN) 6186015
700 1# - ADDED ENTRY--PERSONAL NAME
Personal name Wheaton, Mark,
Dates associated with a name 1975-
Relator term screenwriter.
9 (RLIN) 6401056
700 1# - ADDED ENTRY--PERSONAL NAME
Personal name Stahl, Nick,
Dates associated with a name 1979-
Relator term actor.
9 (RLIN) 68623
700 1# - ADDED ENTRY--PERSONAL NAME
Personal name Bracey, Luke,
Dates associated with a name 1989-
Relator term actor.
9 (RLIN) 5809775
700 1# - ADDED ENTRY--PERSONAL NAME
Personal name Grochowska, Agnieszka,
Dates associated with a name 1979-
Relator term actor.
9 (RLIN) 5876205
700 1# - ADDED ENTRY--PERSONAL NAME
Personal name Huisman, Michiel,
Dates associated with a name 1981-
Relator term actor.
9 (RLIN) 6401057
710 2# - ADDED ENTRY--CORPORATE NAME
Corporate name or jurisdiction name as entry element Lions Gate Films (Santa Monica, Calif.),
Relator term publisher.
9 (RLIN) 6362752
907 ## - LOCAL DATA ELEMENT G, LDG (RLIN)
a .b44469738x
942 ## - ADDED ENTRY ELEMENTS (KOHA)
Source of classification or shelving scheme Dewey Decimal Classification
Koha item type DVD < 3 months old rated R
Holdings
Withdrawn status Lost status Source of classification or shelving scheme Damaged status Not for loan Collection code Home library Current library Shelving location Date acquired Source of acquisition Total Checkouts Total Renewals Full call number Barcode Date last seen Date checked out Cost, replacement price Price effective from Koha item type
    Dewey Decimal Classification     Movies Wasatch County Library Wasatch County Library Audio Visual Area 02/08/2021 Micromarketing 2 2 DVD Ame 34301001710831 03/07/2024 02/09/2024 19.98 02/08/2021 DVD
This project was made possible through a grant from the Institute of Museum and Library Service administered by the Utah State Library Division.

Wasatch County Library

  • 465 East 1200 South, Heber City, Utah 84032
  • Phone 435-654-1511 | Fax 435-654-6456

Hours

  • Monday - Friday 9:30 AM - 8:00 PM
  • Saturday 9:30 AM - 1:30 PM
  • Closed Sundays and Holidays